Estatísticas para Artilheiros de cada edição da Copa do Mundo FIFA

Clique aqui para jogar o quiz

Estatísticas Gerais

  • Esse quiz foi jogado 111 vezes
  • A pontuação média é 15 de 30

Estatísticas das Respostas

AnoSeleçãoJogador% Correto
2002BrasilRonaldo
99%
2014ColômbiaJames Rodríguez
94%
1970Alemanha OcidentalGerd Müller
90%
2006AlemanhaMiroslav Klose
90%
2010AlemanhaThomas Müller
90%
2018InglaterraHarry Kane
89%
2010EspanhaDavid Villa
80%
2010UruguaiDiego Forlán
80%
1966PortugalEusébio
79%
1962BrasilGarrincha
76%
2010Países BaixosWesley Sneijder
65%
1982ItáliaPaolo Rossi
61%
1938BrasilLeônidas da Silva
48%
1998CroáciaDavor Šuker
46%
1994BulgáriaHristo Stoichkov
46%
1978ArgentinaMario Kempes
42%
1962BrasilVavá
42%
1986InglaterraGary Lineker
36%
1958FrançaJust Fontaine
34%
1950BrasilAdemir de Menezes
31%
1974PolôniaGrzegorz Lato
27%
1954HungriaSándor Kocsis
23%
1994RússiaOleg Salenko
21%
1990ItáliaSalvatore Schillaci
18%
1962ChileLeonel Sánchez
13%
1930ArgentinaGuillermo Stábile
12%
1962HungriaFlorian Albert
9%
1962União SoviéticaValentin Ivanov
9%
1934TchecoslováquiaOldřich Nejedlý
8%
1962IugosláviaDražan Jerković
7%

Distribuição das Pontuações

Percentil de Números Respondidos

Porcentagem de Pessoas com Cada Pontuação

Sua Pontuação Histórica

Você não jogou esse quiz